| 000 | 00811nam a2200205 i 4500 | ||
|---|---|---|---|
| 001 | 82874 | ||
| 003 | ES-MaACL | ||
| 005 | 20250603171455.0 | ||
| 007 | t| | ||
| 008 | 041112s1935 sp ||||1| spa d | ||
| 245 | 0 | 0 |
_aExtranjeros inscritos en el censo de población de 1930 clasificados por los países de su nacionalidad / _cInstituto Geográfico Catastral y de Estadística, Presidencia del Consejo de Ministros. |
| 260 |
_aMadrid : _b[s.n.], _c1935 ( _fAugusto Boue) |
||
| 300 |
_aXII, 498 p. ; _c27 cm. |
||
| 650 | 4 |
_aExtranjeros- _zEspaña. _9146056 |
|
| 651 | 7 |
_aEspaña- _xCensos _2 _9155755 |
|
| 710 | 2 |
_aInstituto Geográfico, Catastral y de Estadística (España) _95072 |
|
| 710 | 1 |
_aEspaña. _bPresidencia del Consejo de Ministros. _93950 |
|
| 852 |
_aES-MaACL _jC-13342 |
||
| 999 |
_c82874 _d82874 |
||